GETS Theological Seminary Library

The first year of marriage: (Record no. 16279)

MARC details
000 -LEADER
fixed length control field 00665nam a2200193Ia 4500
008 - FIXED-LENGTH DATA ELEMENTS--GENERAL INFORMATION
fixed length control field 200824s9999||||xx |||||||||||||| ||und||
020 ## - INTERNATIONAL STANDARD BOOK NUMBER
International Standard Book Number 0446346624
020 ## - INTERNATIONAL STANDARD BOOK NUMBER
International Standard Book Number 9780446346627
041 ## - LANGUAGE CODE
Language code of text/sound track or separate title eng
050 ## - LIBRARY OF CONGRESS CALL NUMBER
Classification number HQ734
Item number .A685 1987
100 ## - MAIN ENTRY--PERSONAL NAME
Personal name Around, Miriam
245 #4 - TITLE STATEMENT
Title The first year of marriage:
Remainder of title what to expect, what to accept, and what you can change; vital and reassuring answers to the questions you're afraid to ask /
Statement of responsibility, etc. Miriam Arond; Samuel L. Pauker
260 ## - PUBLICATION, DISTRIBUTION, ETC.
Place of publication, distribution, etc. New York :
Name of publisher, distributor, etc. Warner Books,
Date of publication, distribution, etc. 1988
300 ## - PHYSICAL DESCRIPTION
Extent xiv, 412 p.
Other physical details ;
Dimensions 21 cm.
650 ## - SUBJECT ADDED ENTRY--TOPICAL TERM
Topical term or geographic name entry element Interpersonal relations.
650 ## - SUBJECT ADDED ENTRY--TOPICAL TERM
Topical term or geographic name entry element Marriage.
700 ## - ADDED ENTRY--PERSONAL NAME
Personal name Pauker, Samuel L.
Holdings
Withdrawn status Lost status Damaged status Not for loan Home library Current library Shelving location Date acquired Total Checkouts Full call number Barcode Date last seen Price effective from Koha item type
        GETS Theological Seminary Library GETS Theological Seminary Library General Stacks 08/24/2020   HQ734 .A685 1987 00004414 08/24/2020 08/24/2020 English Books
OpacCredits

Contact the Librarian, GETS Library
Email: library@mygets.org









Implemented by GETS Library
(Powered by ETCA Professional Group)
GETS Theological Seminary
412 E. Rowland Street, CA 91723